| 000 | 00954nam a2200217Ia 4500 | ||
|---|---|---|---|
| 003 | GCL | ||
| 008 | 140319s9999 xx 000 0 ara d | ||
| 040 |
_aGCL / _cGCL |
||
| 082 | 0 | 4 |
_a189.18 _bف م |
| 100 | 1 | _aفضل الرسول القادرى البركاتىالبدايوانى | |
| 245 | 1 | 0 |
_aالمعتقد المنتقد 1270 هـ مع شرحه المسمى بالاسم التاريخى المستند المعتمد بناء نجاة الابد / _cفضل الرسول القادرى البركاتىالبدايوانى |
| 700 | 1 | _aاحمد رضا القادرى البريلوى | |
| 260 |
_aالهند : _bرضا اكاديميى |
||
| 300 |
_a271 ص ؛ _c24 سم |
||
| 490 |
_aمنشورات رضا اكاديمى _v255 |
||
| 650 | 0 | 4 | _aالفلسفة الاسلامية |
| 650 | 0 | 4 | _aالفلسفة |
| 650 | 0 | 4 | _aالحركات الفكرية عند المسلمين |
| 650 | 0 | 4 | _aالفلاسفة المسلمون |
| 942 |
_2ddc _cBK |
||
| 999 |
_c7502 _d7502 |
||